书目信息 |
| 题名: |
VOA特别英语词汇手册
|
|
| 作者: | 王少如 , 高路 主编 | |
| 分册: | ||
| 出版信息: | 上海 上海世界图书出版公司 2005.01 |
|
| 页数: | 161页 | |
| 开本: | 18cm | |
| 丛书名: | 英语教学节目丛书 | |
| 单 册: | ||
| 中图分类: | H313 | |
| 科图分类: | ||
| 主题词: | 英语--ying yu--词汇--美国--自学参考资料 | |
| 电子资源: | ||
| ISBN: | 7-5062-7095-1 | |
| 000 | 01049nam 2200265 450 | |
| 001 | 012006342893 | |
| 005 | 20060926155511.57 | |
| 010 | @a7-5062-7095-1@dCNY10.00 | |
| 100 | @a20060726d2005 km y0chiy0120 ea | |
| 101 | 0 | @achi@aeng |
| 102 | @aCN@b310000 | |
| 105 | @ay z 000yy | |
| 200 | 1 | @aVOA特别英语词汇手册@AVOA te bie ying yu ci hui shou ce@d= VOA special English word book@f王少如, 高路主编@Fwang shao ru,gao lu zhu bian@zeng |
| 210 | @a上海@c上海世界图书出版公司@d2005.01 | |
| 215 | @a161页@d18cm | |
| 225 | 2 | @a英语教学节目丛书@Aying yu jiao xue jie mu cong shu |
| 330 | @a本书以其流行的美国语言、纯正的美式发音和丰富的教学内容,对中国广大的英语学习者有时是青年学生,产生着重要的影响,成为人们学习美式英语、练习听力和口语的有效途径。 | |
| 410 | 0 | @12001 @a英语教学节目丛书 |
| 510 | 1 | @aVOA special English word book@zeng |
| 606 | 0 | @a英语@Aying yu@x词汇@y美国@j自学参考资料 |
| 690 | @aH313@v4 | |
| 701 | 0 | @a王少如@Awang shao ru@4主编 |
| 701 | 0 | @a高路@Agao lu@4主编 |
| 801 | 0 | @aCN@c20060926 |
| 905 | @a10447@dH313@eW335 | |
| VOA特别英语词汇手册= VOA special English word book/王少如, 高路主编.-上海:上海世界图书出版公司,2005.01 |
| 161页;18cm.-(英语教学节目丛书) |
| ISBN 7-5062-7095-1:CNY10.00 |
| 本书以其流行的美国语言、纯正的美式发音和丰富的教学内容,对中国广大的英语学习者有时是青年学生,产生着重要的影响,成为人们学习美式英语、练习听力和口语的有效途径。 |
| ● |
| 相关链接 |
|
|
|
正题名:VOA特别英语词汇手册
索取号:H313/W335
 
预约/预借
| 序号 | 登录号 | 条形码 | 馆藏地/架位号 | 状态 | 备注 |
| 1 | 596555 | 205965552 | 语言库209/209语言库 104排1列4层/ [索取号:H313/W335] | 在馆 | |
| 2 | 596556 | 205965561 | 语言库209/209语言库 104排1列4层/ [索取号:H313/W335] | 在馆 | |
| 3 | 596557 | 205965570 | 语言库209/209语言库 104排1列4层/ [索取号:H313/W335] | 在馆 |